000
00507nam a2200181Ia 4500
008
090123s9999 xx 000 0 und d
082
_b
34910
100
_a
शेवते अरुण
245
_a
स्नेहरंग
250
_a
0
260
_b
दिलिप प्रकाशन
_c
2003
300
_a
167
600
_a
शेवते अरुण
630
_a
स्नेहरंग
700
_a
शेवते अरुण
730
_a
स्नेहरंग
942
_c
BOOK
999
_c
72969
_d
72969